00673cam a22002651 4500001001300000003000400013005001700017008004100034010001700075035002000092040001800112042001200130043001200142050001800154100002900172245002600201260001100227300002500238500001400263504003100277650004500308650002000353700001700373999001700390sa 68011588 DLC20260227112602.0890525s1968 ii b 000 0 tamo  asa 68011588  a(OCoLC)19765374 aDLCcWaUdDLC apremarc aa-ii---00aPL4758.1b.A71 aAravindan, M. V.,d1934-10aUraiyāciriyarkaḷ. c[1968] axxix, 643 p.c19 cm. aIn Tamil. aBibliographical footnotes. 0aTamil literaturexHistory and criticism. 0aAuthors, Tamil.0 aMeyyappan S. c83992d83992